| 000 | 01709cam a22003611a 4500 | ||
|---|---|---|---|
| 001 | 14895755 | ||
| 003 | OSt | ||
| 005 | 20210414114214.0 | ||
| 008 | 070619s2008 maua b 001 0 eng | ||
| 010 | _a 2007025484 | ||
| 020 | _a9780073526805 (alk. paper) | ||
| 020 | _a0073526800 (alk. paper) | ||
| 040 |
_aDLC _cDLC _dDLC |
||
| 050 | 0 | 0 | _aHF5657.4.C72 |
| 082 | 0 | 0 |
_a658.15/52 _222 |
| 100 | 1 | _aHilton, Ronald W. | |
| 245 | 1 | 0 |
_aCost management : _bstrategies for business decisions / _cRonald W. Hilton, Michael W. Maher, Frank H. Selto. |
| 250 | _a4th ed. | ||
| 260 |
_aBoston : _bMcGraw-Hill/Irwin, _cc2008. |
||
| 300 |
_axxxvii, 891, B-6, I-21 p. : _bcol. ill. ; _c29 cm. |
||
| 504 | _aIncludes bibliographical references (p. B-1 to B-6) and indexes. | ||
| 505 | _aContents: Setting the strategic foundation -- The importance of analyzing and managing costs -- Activity based management -- Process costing and cost allocation -- Planning and decision making -- Evaluating and managing performance: creating and managing value-added affort | ||
| 650 | 0 | _aManagerial accounting. | |
| 650 | 0 | _aCost accounting. | |
| 700 | 1 |
_aMaher, Michael, _d1946- |
|
| 700 | 1 | _aSelto, Frank H. | |
| 856 | 4 | 1 |
_3Table of contents only _uhttp://www.loc.gov/catdir/enhancements/fy0743/2007025484-t.html |
| 856 | 4 | 2 |
_3Publisher description _uhttp://www.loc.gov/catdir/enhancements/fy0743/2007025484-d.html |
| 856 | 4 | 2 |
_3Contributor biographical information _uhttp://www.loc.gov/catdir/enhancements/fy0743/2007025484-b.html |
| 906 |
_a7 _bcbc _corignew _d1 _eecip _f20 _gy-gencatlg |
||
| 942 |
_2lcc _cBK |
||
| 999 |
_c2859 _d10359 |
||